01199nam a2200265 a 4500001001000000003000400010005001700014008004100031040002500072082002400097100004000121245008200161260002900243300002000272500028100292504002700573590002600600600003900626600003300665650004200698910003700740942001400777952012500791999001700916000031980OSt20221018102753.0110707s195? dr r 000 0 spa d aDO-SdBNPbspacBNPHU 4a921.683bV161do2221 aValenzuela, Victor M.958141d1920-10aDos pensadores Chilenos :bJorge Millas y Waldo Ross /cVictor M. Valenzuela. a[Puerto Rico] ;c[195?]. a16 p. ;c23 cm. aEste estudio fue publicado por la Revista Asomante de la Asociación de Graduadas de la Universidad de Puerto Rico, San Juan P. R., no. 3-1955. Se reproduce aquí para uso de los estudiantes de la cátedra de Filosofía Latino Americana de la Universidad de Santo Domingo. aBibliografía : p. 16 aInventariado, 2018/LP14a Millas, Jorge,d1919-1982.97732214aRoss, Waldo, d1926- 973560 4aFilósofos chilenosySiglo XX977323 aValidado. Control de calidad MFF 2ddccLBS1 00102ddc51708GR-RVaBNPHUbBNPHUcHDd2011-07-07oBNPHU GR-RV 921.683 V161dop31980-10r2020-06-25w2020-06-25yLBS1 c31471d31471